Pääkaupungit, jotka ovat isännöineet Olympialaisia - Statistics

Yleistilastot
  • Tätä visaa on pelattu 186 kertaa
  • Keskiarvotulos 13 / 22
Vastaustilastot
Vuosi Pääkaupunki % Oikein
1896 Ateena
89%
1952 Helsinki
89%
2012 Lontoo
79%
2020 Tokio
76%
1936 Berliini
70%
2022 Peking
69%
2004 Ateena
68%
1980 Moskova
68%
2024 Pariisi
65%
2008 Peking
63%
1988 Soul
62%
1912 Tukholma
58%
1968 Mexico
56%
1900 Pariisi
55%
1984 Sarajevo
54%
1908 Lontoo
49%
1960 Rooma
47%
1948 Lontoo
45%
1964 Tokio
45%
1928 Amsterdam
44%
1924 Pariisi
40%
1952 Oslo
38%
Ehtoja vastaavia visoja ei löytynyt
Tulosjakauma
Jokaisen tuloksen saaneiden osuus
Persentiili vastausten määrän mukaan
Tuloshistoriasi
Et ole pelannut tätä visaa